000 00340 a2200157 4500
001 162926
020 _a
040 _cMagnum
100 _aGiovanni, Jose Ruy
240 1 0 _aMatematica: trigonometria/v.13
_lpor
245 1 0 _aMatematica: trigonometria/v.13
362 0 _a1899
440 1 _aFTD
697 _aPARADIDATICO
942 _cBK
999 _c162926
_d162926